The business analyst's handbook

Enregistré dans:
Détails bibliographiques
Auteur principal: Podeswa, Howard (Auteur)
Format: Livre
Langue:anglais
Publié: Boston Course Technology 2009
Sujets:
Tags: Ajouter un tag
Pas de tags, Soyez le premier à ajouter un tag!

MARC

LEADER 00000nam a2200000 a 4500
001 UCH7422
003 CL-VaPUC
008 091112e20090000US |||||||||||||||||eng|d
020 |a 9781598635652 
082 0 4 |a 658.40352  |b POD  |2 21 
100 0 |a Podeswa, Howard  |e author  |9 543843 
245 1 4 |a The business analyst's handbook 
300 |a 411 p 
942 |c BK 
945 |d 20091112 00:00:00  |a dcastane 
260 |a Boston  |b Course Technology  |c 2009 
650 0 |a Proceso de datos   |9 259776 
650 0 |a Diseño de sistemas  |9 262363 
650 0 |a Arquitectura de datos   |9 503520 
650 0 |a Planificación estratégica   |9 259735 
650 0 |a Toma de decisiones   |9 257530 
650 0 |a Gestión de la información   |9 362327 
583 |a last modification  |c 20091112 00:00:00  |k Rodrigo Vera 
999 |c 338019  |d 338017 
952 |0 0  |1 0  |4 0  |6 658_403520000000000_POD_2009  |7 0  |8 A  |9 430805  |a BIBING  |b BIBING  |d 2019-11-22  |i 4618076  |o 658.40352 POD 2009  |p 4618076  |r 2025-01-20  |w 2019-11-22  |y BK  |k EII